| 000 | 00911nam a22002897i 4500 | ||
|---|---|---|---|
| 999 |
_c200446608 _d64820 |
||
| 001 | 200446608 | ||
| 003 | TR-AnTOB | ||
| 005 | 20221214155202.0 | ||
| 007 | ta | ||
| 008 | 220118s1992 tu 100 0 tur d | ||
| 040 |
_aTR-AnTOB _beng _erda _cTR-AnTOB |
||
| 041 | 0 | _atur | |
| 050 | 1 | 4 |
_aHD7211.93 _b.S67 1992 |
| 082 |
_a368.4 _bSOS 1992 |
||
| 090 |
_aHD7211.93 _b.S67 1992 |
||
| 999 | _aGU 18.01.2022 | ||
| 111 | 2 |
_aSosyal Güvenlik Kurultayı _d(1992 : _cAnkara, Turkey) _9135101 |
|
| 245 | 1 | 0 |
_aSosyal Güvenlik Kurultayı : _btebliğler-yorumlar. |
| 264 | 1 |
_aAnkara : _bTürkiye İşçi Emeklileri Cemiyeti, _c1992. |
|
| 300 |
_a215 pages ; _c24 cm |
||
| 336 |
_atext _btxt _2rdacontent |
||
| 337 |
_aunmediated _bn _2rdamedia |
||
| 338 |
_avolume _bnc _2rdacarrier |
||
| 490 | 0 |
_aCemiyet Yayınları ; _vno: 2 |
|
| 650 | 7 |
_aSosyal güvenlik _zTürkiye _vKongreler _2etuturkob _930623 |
|
| 942 |
_2lcc _cBK |
||